000 00438nam a2200169Ia 4500
003 LK-CoDNM
005 20240226154631.0
008 010623t1891 xxu||||| |||| 00| 1 sin d
040 _aLK-CoDNM
_dLK-CoDNM
_eLK-CoDNM
041 _asin
080 _a104 U22
245 _aගිරිදේවි කථාව
246 _aGirideevi kathaawa
260 _bU.A.Saradiyel
_aColombo
_c1891
300 _bDamagede
_a18p., 18 cm
942 _cBK
999 _c83407
_d83407